000 00561nam a2200181Ia 4500
003 GCL
008 140319s9999 xx 000 0 ara d
040 _aGCL /
_cGCL
082 0 4 _a813.03
_bأ ب
100 1 _aاحمد البكرى السباعى
245 1 0 _aبداية الصراع /
_cاحمد البكرى السباعى
260 _a[S.N] :
_bدار قرطبة للنشر والتوثيق والابحاث ،
_c1988
300 _a208 ص
490 _a
650 0 4 _aالادب العربى
650 0 4 _aالقصص العربية
942 _2ddc
_cBK
999 _c36040
_d36040